Demon Slayer: Tous les membres connus des Lunes Démoniaques - Statistiques

Statistiques générales
  • Ce quiz a été pris 358 fois
  • Le résultat moyen est 10 sur 17
Statistiques - réponses
Rang Réponse % Correct
Troisième Lune Supérieure Akaza
98%
Deuxième Lune Supérieure Doma
94%
Première Lune Supérieure Kokushibo
86%
Ancienne SixièmeLune Supérieure Daki
83%
Ancienne Sixième Lune Supérieure Gyutaro
75%
Cinquième Lune Inférieure(dernière) Rui
72%
Ancienne CinquièmeLune Supérieure Gyokko
71%
Première Lune Inférieure(dernière) Enmu
68%
Ancienne QuatrièmeLune Supérieure Hantengu
66%
Quatrième Lune Supérieure Nakime
62%
Sixième Lune Supérieure Kaigaku
57%
Ancienne SixièmeLune Inférieure Kyogai
33%
Deuxième Lune Inférieure(dernière) Rokuro
20%
Ancienne Deuxième Lune Inférieure Hairo
19%
Quatrième Lune Inférieure(dernière) Mukago
18%
Sixième Lune Inférieure(dernière) Kamanue
16%
Troisième Lune Inférieure(dernière) Wakuraba
16%
Aucun quiz correspondant
Distribution des résultats
% des personnes avec chaque résultat
Percentile par nombre de réponses
Votre historique - résultats
Vous n’avez pas pris ce quiz